000 01037nmc a2200349 a 4500
003 AR-BaBNM
005 20251128211745.0
008 026020s2005 ||||||||||||||000 | spa||
020 _a950-550-024-6
040 _cAR-BaBNM
100 1 _aCaminos, Miguel Angel
245 1 0 _aAportes para la expresión escrita
250 _a2ª ed.
260 _aBuenos Aires
_bEditorial Magisterio del Río de la Plata
_c2005
300 0 _a283 p.
_btablas
490 0 _aRespuestas educativas. Educación básica y secundaria
504 _aContiene referencias bibliográficas p. 277-283
650 4 _aLENGUAJE
650 4 _aMEJORA DE LA ESCRITURA
650 4 _aGRAMATICA
650 4 _aVOCABULARIO
653 0 _aTIPOS DE PALABRAS
653 0 _aTIPOS DE TEXTOS
653 0 _aEDUCACION GENERAL BASICA
653 0 _aEDUCACION POLIMODAL
653 0 _aENSENANZA DE LA LITERATURA
653 0 _aEXPRESION ESCRITA
653 0 _aENSENANZA DE LA LENGUA
800 1 _aStarico de Accomo, Mabel N.
942 _cBK
998 _cme-calidad
999 _c20979
_d20979